<?xml version="1.0" encoding="UTF-8"?>
<marc:record xmlns:marc="http://www.loc.gov/MARC21/slim">
   <marc:leader>00000nam a2200000 a 4500</marc:leader>
   <marc:datafield ind1="1" ind2=" " tag="100">
      <marc:subfield code="a">Sauer, Hanjo</marc:subfield>
      <marc:subfield code="4">aut</marc:subfield>
      <marc:subfield code="e">Verfasser/-in</marc:subfield>
   </marc:datafield>
   <marc:datafield ind1="1" ind2=" " tag="100">
      <marc:subfield code="a">Haunerland, Winfried</marc:subfield>
      <marc:subfield code="4">aut</marc:subfield>
      <marc:subfield code="e">Verfasser/-in</marc:subfield>
   </marc:datafield>
   <marc:datafield ind1="1" ind2=" " tag="100">
      <marc:subfield code="a">Kirchschläger, Walter</marc:subfield>
      <marc:subfield code="4">edt</marc:subfield>
      <marc:subfield code="e">Bearbeiter/-in</marc:subfield>
   </marc:datafield>
   <marc:datafield ind1=" " ind2=" " tag="653">
      <marc:subfield code="a">König</marc:subfield>
   </marc:datafield>
   <marc:datafield ind1=" " ind2=" " tag="653">
      <marc:subfield code="a">Franz</marc:subfield>
   </marc:datafield>
   <marc:datafield ind1=" " ind2=" " tag="653">
      <marc:subfield code="a">Liturgiereform</marc:subfield>
   </marc:datafield>
   <marc:datafield ind1=" " ind2=" " tag="653">
      <marc:subfield code="a">Kirchliche Erneuerung</marc:subfield>
   </marc:datafield>
   <marc:datafield ind1=" " ind2=" " tag="653">
      <marc:subfield code="a">Kirchliches Leben</marc:subfield>
   </marc:datafield>
   <marc:datafield ind1=" " ind2=" " tag="653">
      <marc:subfield code="a">Softcover / Sachbücher/Philosophie</marc:subfield>
   </marc:datafield>
   <marc:datafield ind1=" " ind2=" " tag="653">
      <marc:subfield code="a">Religion</marc:subfield>
   </marc:datafield>
   <marc:datafield ind1="0" ind2="0" tag="245">
      <marc:subfield code="a">Liturgie - Spiegel des Kirchenbildes</marc:subfield>
   </marc:datafield>
   <marc:datafield ind1="0" ind2="0" tag="245">
      <marc:subfield code="b">wer das Volk Gottes ist und wie es feiert</marc:subfield>
   </marc:datafield>
   <marc:datafield ind1="0" ind2="0" tag="245">
      <marc:subfield code="c">Hanjo Sauer ; Winfried Haunerland</marc:subfield>
   </marc:datafield>
   <marc:datafield ind1=" " ind2="1" tag="264">
      <marc:subfield code="a">Wien</marc:subfield>
      <marc:subfield code="b">Styria Premium</marc:subfield>
      <marc:subfield code="c">2013</marc:subfield>
   </marc:datafield>
   <marc:datafield ind1="1" ind2=" " tag="490">
      <marc:subfield code="a">Kardinal-König-Bibliothek</marc:subfield>
      <marc:subfield code="v">Bd. 3</marc:subfield>
   </marc:datafield>
   <marc:datafield ind1="1" ind2=" " tag="520">
      <marc:subfield code="a">Angaben aus der Verlagsmeldung

Liturgie - Spiegel des Kirchenbildes : Worauf es beim Gottesdienst ankommt / von Winfried Haunerland, Hanjo Sauer

Leben und Werk von Kardinal Franz König ermutigen auf außerordentliche Weise dazu, die Botschaft des christlichen Glaubens in einer globalisierten Welt mit Klugheit und Liebe zu vertreten. Neben seiner essenziellen Funktion als „Dialogführer“ über kulturelle, politische, weltanschauliche und religiöse Grenzen hinweg war Franz Kardinal König auch ein ausgewiesener Religionswissenschaftler. Der dritte Band der „Kardinal König Bibliothek“ widmet sich insbesondere seinem Einfluss auf die Liturgieerneuerung und deren Bedeutung für die Glaubenspraxis. Zwischen der Erneuerung der Liturgie und der Erneuerung des gesamten Lebens der Kirche besteht eine sehr enge und organische Verbindung (Johannes Paul II.). So ist die Liturgiekonstitution „Sacrosanctum Concilium“ bereits wesentlich von der Ekklesiologie bestimmt, die das II. Vatikanische Konzil später in seiner Kirchenkonstitution „Lumen Gentium“ entfaltet hat. Die Theologen Winfried Haunerland und Hanjo Sauer zeigen den Weg zu diesen Dokumenten und arbeiten ihre wichtigsten theologischen und ekklesiopraktischen Impulse heraus. Dem Beitrag, den Kardinal Franz König und die österreichische Kirche dazu geleistet haben, gilt dabei besondere Aufmerksamkeit.
</marc:subfield>
   </marc:datafield>
   <marc:datafield ind1=" " ind2=" " tag="020">
      <marc:subfield code="a">9783222133855</marc:subfield>
      <marc:subfield code="9">9783222133855</marc:subfield>
   </marc:datafield>
   <marc:datafield ind1=" " ind2=" " tag="020">
      <marc:subfield code="a">3222133859</marc:subfield>
      <marc:subfield code="9">3222133859</marc:subfield>
   </marc:datafield>
   <marc:datafield ind1=" " ind2=" " tag="041">
      <marc:subfield code="a">ger</marc:subfield>
   </marc:datafield>
   <marc:datafield ind1=" " ind2=" " tag="300">
      <marc:subfield code="a">141 S.</marc:subfield>
   </marc:datafield>
</marc:record>
